The strategic role of property assets within property portfolios of SMEs (Record no. 115972)

MARC details
000 -LEADER
fixed length control field 01198cam a2200265 4500
001 - CONTROL NUMBER
control field L159523
008 - FIXED-LENGTH DATA ELEMENTS--GENERAL INFORMATION
fixed length control field 040913n2011 000 0 eng u
020 ## - INTERNATIONAL STANDARD BOOK NUMBER
International Standard Book Number 9781842197172
035 ## - SYSTEM CONTROL NUMBER
System control number (Sirsi) u159523
041 ## - LANGUAGE CODE
Language code of text/sound track or separate title eng
110 2# - MAIN ENTRY--CORPORATE NAME
Corporate name or jurisdiction name as entry element Royal Institution of Chartered Surveyors
9 (RLIN) 4900
245 04 - TITLE STATEMENT
Title The strategic role of property assets within property portfolios of SMEs
Medium [electronic resource]
260 ## - PUBLICATION, DISTRIBUTION, ETC.
Place of publication, distribution, etc. London
Name of publisher, distributor, etc. RICS
Date of publication, distribution, etc. 2011
490 #0 - SERIES STATEMENT
Series statement RICS Research
520 ## - SUMMARY, ETC.
Summary, etc. Looks at how entrepreneurs strategically use property throughout the life-cycle of their ventures. Depending on which stage the venture is at, property may be used for business accommodation or a core part of a business, to generate income and accumlate profit, and/or as a long-term investment with a view toward retirement income. Uses New Zealand as a case-study.
650 24 - SUBJECT ADDED ENTRY--TOPICAL TERM
Topical term or geographic name entry element BUSINESS
650 24 - SUBJECT ADDED ENTRY--TOPICAL TERM
Topical term or geographic name entry element PROPERTY ASSETS
650 24 - SUBJECT ADDED ENTRY--TOPICAL TERM
Topical term or geographic name entry element SMES
651 #4 - SUBJECT ADDED ENTRY--GEOGRAPHIC NAME
Geographic name New Zealand
690 ## - LOCAL SUBJECT ADDED ENTRY--TOPICAL TERM (OCLC, RLIN)
Topical term or geographic name as entry element Commercial property
9 (RLIN) 6227
700 1# - ADDED ENTRY--PERSONAL NAME
Personal name Levy, Deborah
700 1# - ADDED ENTRY--PERSONAL NAME
Personal name Morrish, Sussie
856 48 - ELECTRONIC LOCATION AND ACCESS
Uniform Resource Identifier <a href="www.rics.org/Global/Downloads/SME_property_portfolio_031011_dwl_aj.pdf">www.rics.org/Global/Downloads/SME_property_portfolio_031011_dwl_aj.pdf</a>
Public note View the item free of charge from www.rics.org
942 ## - ADDED ENTRY ELEMENTS (KOHA)
Suppress in OPAC 0
Holdings
Withdrawn status Lost status Source of classification or shelving scheme Damaged status Not for loan Home library Current library Shelving location Date acquired Total Checkouts Full call number Barcode Date last seen Copy number Price effective from Koha item type
    Dewey Decimal Classification     Virtual Virtual Online 09/08/2017   ONLINE PUBLICATION 159523-2001 06/08/2019 1 06/08/2019 Book